| 000 | 01280nam a22002417a 4500 | ||
|---|---|---|---|
| 999 |
_c20291 _d20291 |
||
| 003 | AR-CdUCM | ||
| 008 | 190528b ||||| |||| 00| 0 spa d | ||
| 020 | _a84-8387-004-5 | ||
| 040 |
_aMUNICIPALIDAD PROVINCIAL DEL CUSCO _cBIBLIOTECA MUNICIPAL DEL CUSCO |
||
| 082 |
_a331.026 / _bP66 |
||
| 100 |
_aPlá Rodríguez, Américo, Feres María Ester y Otros _942408 |
||
| 110 |
_aPrograma de Consultorías - Departamento Jurídico CBC _942409 |
||
| 245 | _aAjuste económico y política laboral / | ||
| 260 |
_aCusco : _bCentro de Estudios Regionales Andinos Bartolomé de las Casas, _c1993. |
||
| 300 |
_a80 páginas ; _c21 cm. |
||
| 505 | _aContenido: Impacto de las políticas de ajuste en el Derecho Laboral / Américo Plá Rodríguez -- Ajuste económico y política laboral : visión sindical / María Ester Feres -- El ajuste económico : perspectiva empresarial / Mario Pasco Cosmópolis -- El rol del Estado en las relaciones laborales / Enrique O. Rodríguez... | ||
| 650 |
_aPolítica laboral _94687 |
||
| 650 |
_aPerú. _935 |
||
| 700 |
_aCarrillo, Martín (compilador) _942410 |
||
| 710 |
_aCentro de Estudios Regionales Andinos Bartolomé de las Casas - Cusco - Perú _tAjuste económico y política laboral / _942411 |
||
| 942 |
_2ddc _cLIBROS |
||
| 945 | _aJavier | ||